000 00317nam a2200133Ia 4500
008 100328s9999 xx 000 0 und d
082 _b28611
100 _aकुलकर्णी मंगला
245 _aसाद
260 _bशकुन
630 _aसाद
730 _aसाद
942 _cBOOK
999 _c519933
_d519930